| 000 | 01232nam a2200241Ia 4500 | ||
|---|---|---|---|
| 003 | Ost | ||
| 005 | 20260507075411.0 | ||
| 008 | 260507s9999||||xx |||||||||||||| ||und|| | ||
| 020 | _a22862499579 | ||
| 040 | _cfsecg | ||
| 041 | _aara | ||
| 082 | _a330 | ||
| 100 |
_aالكناني، كامل كاظم بشير _eمؤلف |
||
| 245 | 0 |
_aدراسات في نظرية الموقع الصناعي / _c كامل كاظم بشير الكناني |
|
| 260 |
_aعمان: _bدار صفاء للنشر والتوزيع, _c2008 |
||
| 300 |
_a318 صفحة؛ _bإيضاحات ؛ _c25 سم |
||
| 504 | _aالمراجع ص.311 الملاحق ص.287 | ||
| 520 | _aيضم الموقع ذي الكلفة الأقل للإنتاج، تحليل تكاليف الحد الأدنى للنقل كعامل محدد للموقع الصناعي، مناطق السوق وتأثيرها في تحديد الموقع الصناعي، التغيرات المكانية للطلب ونظرية التوازن العام، الإتجاهات المعاصرة في تطوير نظرية الموقع الصناعي | ||
| 653 | _aالتكاليف الصناعية | ||
| 653 | _aالصناعة | ||
| 653 | _aالصناعة- بحوث | ||
| 942 | _cكتاب | ||
| 999 |
_c44393 _d44393 |
||